MDQL
is popping MORE tags! Check the
thread
!
Quizzes
Events
Quiz Creation
Community
Videos
Private Events
Remove Ads
Sign In
Join for FREE
Feedback
Dark Mode
Quiz Categories
Sports
Geography
Music
Movies
Television
Just For Fun
Miscellaneous
History
Literature
Language
Science
Gaming
Entertainment
Religion
Holiday
For Kids
Quiz Lab
Recent
Popular Today
Quiz Kudos Today
Editor Picks
Curator Picks
Quizzes by...
Day
Popularity
Type
Ratings
Length
Year
Community
Subscriptions
Recent Discussions
Orange Saloon
Badges
Playlists
Quests
Create
Leaderboards
Showdown
Live 5
Trivia Bingo
Activity
Puzzle Library
Sporcle Events
Private Events
Virtual Trivia
Globe League
Become a Host
Pub Owners
SporcleCon
Opinionation
Our Games
Videos
Blog
Mobile Apps
Partnerships
Remove Ads and Go Orange
Feedback
Sports
Athletes
MLB
NBA
NHL
NFL
Soccer
Sports Teams
WWE
NCAA
Football
Premier League
Basketball
Baseball
Hockey
Golf
Tennis
Cricket
Rugby
Auto Racing
Olympics
World Cup
Sports
Athletes
MLB
NBA
NHL
NFL
Soccer
Sports Teams
WWE
NCAA
Football
Premier League
Basketball
Baseball
Hockey
Golf
Tennis
Cricket
Rugby
Auto Racing
Olympics
World Cup
Random Quiz
Search Sporcle
×
Quiz Lab
Quiz Lab
Sports
Player
Type in answers that appear in a list
Type in answers that appear in a list
Classic
Best Score? Go Orange.
1996-97 Detroit Red Wings Stats
Can you name the 1996-97 Detroit Red Wings?
By
edubbnaz
10m
32 Questions
2,235 Plays
2,235 Plays
2,235 Plays
Comments
Comments
Give Quiz Kudos
Give Quiz Kudos
-
- Ratings
hide this ad
More Info
Replay
Link that replays current quiz
Next Quiz
Link to next quiz in quiz playlist
You Got
0%
They Got
Avg Score
55%
Avg Friend Score
Upgrade to see
Score Distribution
Jump to the score distribution portion of the page
Score
0/32
Timer
10:00
0
Plays Today
Jersey Number
Player Name
% Correct
19
Steve Yzerman
99.5%
5
Nicklas Lidstrom
92.5%
14
Brendan Shanahan
90.6%
33
Kris Draper
85.3%
16
Vladimir Konstantinov
81.8%
30
Chris Osgood
80.5%
91
Sergei Fedorov
80.4%
25
Darren McCarty
79.1%
13
Vyacheslav Kozlov
76.8%
8
Igor Larionov
75.8%
18
Kirk Maltby
74.9%
29
Mike Vernon
73.7%
20
Martin Lapointe
72.7%
2
Viacheslav Fetisov
69.8%
55
Larry Murphy
63.4%
17
Doug Brown
61.7%
Jersey Number
Player Name
% Correct
26
Joey Kocur
51.4%
11
Mathieu Dandenault
50.8%
15
Tomas Holmstrom
48.1%
3
Bob Rouse
45%
4
Jamie Pushor
38.8%
27
Aaron Ward
38%
31
Kevin Hodson
30.1%
28
Tomas Sandstrom
27.1%
22
Mike Knuble
26%
23
Greg Johnson
24.9%
37
Tim Taylor
24.4%
21
Bob Errey
23.8%
32
Stu Grimson
21.6%
34
Anders Eriksson
19.1%
23
Mike Ramsey
18.4%
40
Mark Major
16.4%
Quiz Playlist
Details
Report
Send in Message
Add To Playlist
More Info:
All players who played at least 1 game with the Red Wings during the 1996-97 Regular Season.
Classic:
Type in answers that appear in a list
Quiz Source
Last Updated: Aug 15, 2018
Quiz Scoreboard
CHALLENGE
Sign Up to Join the Scoreboard
Show All
Scores
Hide
Comments
May contain spoilers
Recently Published
Image Sorting: Flags VI
by Barbecue
Geography
2m
Find the 'City' Movie
by crazypaving
Movies
60s
Colored Red Africa Blitz
by spor1
Geography
45s
More to Explore
Quiz From the Vault
Featured Blog Post
14 Easter Pick-up Lines to Find Eggs With
hide this ad
You Might Also Like...
Tags
detroit
Jersey
Player
Red
Wing
Today's Top Quizzes in Sports
Browse Sports
hide this ad
Today's Top Quizzes in Player
Browse Player
Top Contributed Quizzes in Sports
1
Les meilleurs buteurs des matchs entre le PSG et l’OM
2
Les entraîneurs de l'OM et du PSG au 21e siècle
3
2022 World Cup Stars
4
Les joueurs passés par le PSG et l'OM
5
Players with Multiple 50 Home Run Seasons
6
Criteria MLB: Left Handed Sluggers
7
FIFA Club World Cup Champions
8
Les joueurs passés par le LOSC et le RC Lens
9
NBA Logic Puzzle 2.0
10
Top 10 NHL Goal Scorers of All Time
Explore More
Trending Topics
Anime
Harry Potter
Crossword
Marvel
Kpop
NBA
Disney
Song
Pokémon
Puzzle
The Office
NFL
Country
Soccer
WWE
hide this ad
More By:
edubbnaz
Quiz
Plays
Rating
Category
Featured
Created
1996-97 Detroit Red Wings
2,235
4.00
Sports
May 24, 2016
Detroit Red Wings 1st Round Draft Picks 1984-2015
64
5.00
Sports
Jun 21, 2016
Go to Creator's Profile
Score Distribution
Quiz Creator Spotlight
edubbnaz
Follow
Send a Message
Quizzes Created
-
Created Quiz Play Count
-
More By This Creator
Popular Quizzes Today
1
Colored Red Africa Blitz
2
Find the US States - No Outlines Minefield
3
Find the 'City' Movie
4
5x2 Blitz: Bands
5
The Countries of the World
6
Find the US States
7
Find the Countries of Europe - No Outlines Minefield
8
US States
More Sports Quizzes
Progressively Longer Real Madrid Players
Curator's Pick
Trending Quizzes
Colored Red Europe Blitz I
Colored Red Africa Blitz II
Colored Red Europe Blitz II
Colored Red Africa Blitz III
Colored Red Europe Blitz III
Recently Updated
How Do You Spell That?
pecheneg
Godzilla Movies
pecheneg
Grab Bag: 4-10 Letters
pecheneg
2024 March Madness Bracket
pecheneg
Famous TV Couples
Peacemaker
Champions League XIs: Real Madrid
pecheneg
Largest US Cities 1790-2010
pecheneg
Rides in Walt Disney World
pecheneg
Most Oscar Losses (Acting)
pecheneg
Beyoncé Albums
pecheneg
Trending Topics
Kpop
Crossword
Anime
Harry Potter
Disney
Marvel
NBA
Soccer
Pokémon
WWE
Puzzle
Song
The Office
NFL
Country
Your Account Isn't Verified!
In order to create a playlist on Sporcle, you need to verify the email address you used during registration. Go to your
Sporcle Settings
to finish the process.
Report this User
Report this user for behavior that violates our
Community Guidelines
.
Details:
Send Report
Go to the Sporcle.com Mobile Site →
Comments